Les constantes du droit (Record no. 118946)

MARC details
000 -LEADER
campo de control de longitud fija 00778nam a2200193 4500
001 - NÚMERO DE CONTROL
campo de control 118946
003 - IDENTIFICADOR DE NÚMERO DE CONTROL
campo de control ES-MaACL
005 - FECHA Y HORA DE LA ÚLTIMA TRANSACCIÓN
campo de control 20230906191217.0
007 - CAMPO FIJO DE DESCRIPCIÓN FÍSICA--INFORMACIÓN GENERAL
campo de control de longitud fija t|
008 - DATOS DE LONGITUD FIJA--INFORMACIÓN GENERAL
campo de control de longitud fija 070214s1930 fr r ||||1| fre d
100 1# - ENTRADA PRINCIPAL--NOMBRE DE PERSONA
Nombre de persona Picard, Edmond.
9 (RLIN) 91772
245 14 - MENCIÓN DEL TÍTULO
Título Les constantes du droit
Resto del título : institutes juridiques modernes : encyclopédie philosophique du droit, premiers principes juridiques permanents, éléments fondamentaux du droit, les grandes fresques du droit, l'hominisme juridique /
Mención de responsabilidad, etc. Edmond Picard.
260 ## - PUBLICACIÓN, DISTRIBUCIÓN, ETC.
Lugar de publicación, distribución, etc. Paris :
Nombre del editor, distribuidor, etc. Ernest Flammarion,
Fecha de publicación, distribución, etc. 1921.
300 ## - DESCRIPCIÓN FÍSICA
Extensión IV, 274 p. ;
Dimensiones 18 x 11 cm.
490 1# - MENCIÓN DE SERIE
Mención de serie Bibliotheque de philosophie scientifique
830 0# - PUNTO DE ACCESO ADICIONAL DE SERIE-TÍTULO UNIFORME
Título uniforme Bibliotheque de philosophie scientifique
9 (RLIN) 181135
852 ## - LOCALIZACIÓN
Ubicación ES-MaACL
Número de control de estantería F-6443
Holdings
Estatus retirado Estado de pérdida Estado de daño No para préstamo Biblioteca de origen Biblioteca actual Ubicación en estantería Fecha de adquisición Fuente de adquisición Total de préstamos Signatura topográfica completa Código de barras Visto por última vez Precio de reemplazo Tipo de ítem Koha
        Biblioteca del Ateneo de Madrid Biblioteca del Ateneo de Madrid Depósito 2 17/01/2008     F-6443 1124000 23/02/2023 23/02/2023 Libro impreso